[Event "World-ch33-KK4 Kasparov-Karpov +4-4=16"]
[Site "Seville"]
[Date "1987.11.30"]
[Round "18"]
[White "Kasparov, Garry"]
[Black "Karpov, Anatoly"]
[Result "1/2-1/2"]
[WhiteElo "2740"]
[BlackElo "2700"]
[Annotator "Bulletin"]
[PlyCount "80"]
[EventDate "1987.10.12"]
[EventType "match"]
[EventRounds "24"]
[EventCountry "ESP"]
[SourceTitle "MainBase"]
[Source "ChessBase"]
[SourceDate "1999.07.01"]
[SourceVersion "2"]
[SourceVersionDate "1999.07.01"]
[SourceQuality "1"]

1. c4 {Donev,Ivo Hristov Donev,Ivo Hristov Khalifman,Alexander} e6 2. Nc3 d5 3. d4 Be7 4. Nf3 Nf6 5. Bg5 h6 6. Bh4 O-O 7. e3 b6 8. Be2 Bb7 ({RR} 8... Nbd7 9. cxd5 exd5 10. O-O) 9. Bxf6 Bxf6 10. cxd5 exd5 11. b4 c5 12. bxc5 bxc5 13. Rb1 Bc6 14. O-O Nd7 15. Bb5 Qc7 ({RR} 15... Bxb5) 16. Qd3 Rfc8 {N; 16...fd8 - 40/551} ({RR} 16... Rfd8) ({RR} 16... cxd4 17. Nxd4 Ne5 18. Qe2 Bb7 19. Rfc1 Rfc8 20. Qd1 Nc4 21. Nce2 Qe7 22. Nf5 Qc7 23. Nf4 Rab8 24. Nxd5 Bxd5 25. Qxd5 Nb6 26. Qd1 Qe5 27. Nd4 Nd5 28. Qd3 Rxc1+ 29. Rxc1 Nf4 30. Qf1 Nh3+ 31. Kh1 {Mulyar,M (2364)-Prudhvi,K (2083) Philadelphia USA 2023 1-0 (38)}) 17. Rfc1 ({RR} 17. h3 cxd4 18. Nxd4 Bb7 19. Rfc1 Nc5 ({RR} 19... Rab8) ({RR} 19... Ne5) 20. Qd1 ({RR} 20. Qf5) 20... Qe7 21. Qg4 g6 22. Bf1 ({RR} 22. Nf5 Qe6 23. Nxh6+ Kg7 ({RR} 23... Kh7 24. Qxe6 Nxe6 25. Nxf7) {RR} 24. Qxe6 Nxe6) 22... Bg7 23. Qd1 ({RR} 23. Rc2) 23... Rab8 24. Rc2 ({RR} 24. Qg4) 24... Ba8 25. Rbc1 Rd8 ({RR} 25... Qf8 26. Ncb5) 26. g3 ({RR} 26. Ncb5 Rbc8 27. Qg4 h5 28. Qd1 a6 29. Nc3 Bb7 30. Bd3) ({RR} 26. Nce2 Ne4 27. Nf4 ({RR} 27. Rc7 Rd7 28. R7c2) 27... Rb4) 26... Bxd4 27. exd4 ({RR} 27. Qxd4 Ne6 28. Qd3 d4) 27... Ne6 28. h4 ({RR} 28. Bg2 Qg5 29. Ne2 Re8 30. Qd3 Bb7 31. f4 Qf6) 28... Qf6 29. Ne2 Rb4 ({RR} 29... Bb7 30. Qd3 ({RR} 30. Bg2 Ba6 31. Nc3 Bc4) ({RR} 30. Bh3 Ba6 31. Bxe6 Qxe6 32. Nf4 Qe4) 30... Rd6 31. Qa3 Ra6 32. Qe3 Kg7) 30. Rc8 Bb7 31. Rxd8+ Nxd8 {Topalov,V (2740)-Kasparov,G (2825) Sofia 1998 CBM 065 [Donev,Ivo Hristov] 0-1 (47)} ({RR} 31... Qxd8 32. Qd2 Qb6 33. Qxh6 Nxd4 34. Nxd4 Rxd4 35. Bg2)) ({RR} 17. Rfd1) ({RR} 17. Qf5 g6) ({RR} 17. Rfd1 Rab8 18. a4 cxd4 19. Nxd4 Nc5 20. Qf5 Bxd4 21. exd4 g6 22. Qf3 ({RR} 22. Qh3 Nxa4 23. Bxa4 Rxb1 24. Rxb1 Bxa4 25. Rc1 Kg7) ({RR} 22. Nxd5 Bxd5 23. Qxd5 Nxa4 24. Qf3 ({RR} 24. Bxa4 Rxb1 25. Rxb1 Qc1+) 24... Nc3 25. Rdc1 a6) 22... Ne4 23. Nxe4 dxe4 24. Qe3 Qd7 25. d5 ({RR} 25. Qxh6 Bxb5 26. axb5 Rxb5 27. Rxb5 Qxb5) ({RR} 25. Bxc6 Qxc6 26. Qxh6 Rxb1 27. Rxb1 Qxa4) 25... Bxb5 26. axb5 Rxb5 27. Rxb5 Qxb5 28. h4 ({RR} 28. Qxe4 Re8 29. Qd4) ({RR} 28. Qxh6 Rc3 29. Qf4 Rd3) 28... Qa4 29. Re1 Rd8 30. h5 g5 31. Qc5 Qa2 {Timman,J (2655)-Kasparov,G (2815) Prague 1998 CBM 067 [Donev,Ivo Hristov] ½-½ (40)}) 17... Rab8 $5 (17... Bxb5 18. Nxb5 Qc6) ({RR} 17... Bxb5 18. Nxb5 Qc6) 18. h3 $5 g6 $146 (18... cxd4 19. Nxd5 Bxb5 ({RR} 19... Bxb5 20. Rxc7 Bxd3 21. Rxb8 Rxb8 22. Rxd7 dxe3 23. Nxf6+ gxf6 24. fxe3 Be4 25. Rxa7) 20. Rxc7 Bxd3 21. Rxb8 Rxb8 22. Rxd7 dxe3 23. Nxf6+ gxf6 24. fxe3 (24. Rxd3 $2 Rb1+ 25. Kh2 exf2 26. Nd2 Rd1 $1 $17) 24... Be4 25. Rxa7 $14) (18... c4 $5 19. Qc2 (19. Qf5 g6) ({RR} 19. Qf5 g6 20. Qf4 Qxf4 21. exf4 Bxb5 22. Nxb5 Nf8) ({RR} 19. Qf5 g6) 19... Ba8 $1 $13 ({RR} 19... Ba8 20. Qf5 Nb6 21. e4) ({RR} 19... Ba8)) ({RR} 18... c4 19. Qc2 Bxb5 20. Nxb5 Qa5 21. Nc3 Rxb1 ({RR} 21... Be7 22. Qf5 Nf6 23. Rb5 Qa3 24. Rcb1) ({RR} 21... g6 22. Rxb8 Rxb8 23. e4 dxe4 24. Nxe4 Rc8 25. Nd6 Rc6 26. Nxc4 Qd5) 22. Rxb1 Rb8 23. Rxb8+ Nxb8 24. e4 dxe4 25. Nxe4 Qd5 26. Nxf6+ gxf6 27. Nd2 Qxd4 28. Nxc4 Nc6 29. Ne3 Qa1+ 30. Kh2 Qe5+ 31. g3 Nd4 32. Qc8+ Kg7 33. Qd7 {Khalifman,A (2635)-Chandler,M (2545) Germany 1995 CBM 045 [Khalifman,Alexander] 1-0 (65)}) ({RR} 18... c4 19. Qc2 Bxb5 20. Nxb5 Qa5) ({RR} 18... cxd4 19. Nxd5) ({RR} 18... cxd4 19. exd4 Qa5 20. Bxc6 Rxc6 21. Rxb8+ Nxb8 22. Re1 g6 23. Re3 Nd7 24. Ne5 Nxe5 25. dxe5 Bxe5 26. Rxe5 Rxc3 27. Re8+ Kh7 28. Qd4 Rc1+ 29. Kh2 Qc7+ 30. g3 g5 31. Qf6 {1-0 (31) Kovacs,L (2138)-Tuorkolias,D (1852) Budapest 2009}) 19. Bxc6 Rxb1 (19... Qxc6 $2 20. Rxb8 Rxb8 21. dxc5 Bxc3 22. Rxc3 $1 Nxc5 23. Qc2 Rc8 24. Nd4 $18) ({RR} 19... Qxc6 20. Rxb8 Rxb8 21. dxc5 Bxc3 22. Rxc3 Nxc5 23. Qc2 Rc8 24. Nd4) ({RR} 19... Qxc6 20. Rxb8 Rxb8 21. dxc5 Bxc3 22. Rxc3 Nxc5 23. Qc2 Rc8 24. Nd4) 20. Qxb1 $1 (20. Nxb1 $2 Qxc6 21. dxc5 Nxc5 22. Qa3 Qb7 $1 $10) ({RR} 20. Nxb1 Qxc6 21. dxc5 Nxc5 22. Qa3 Qb7) 20... Qxc6 21. dxc5 Qxc5 (21... Nxc5 22. Ne2 Qa8 23. Nf4 $16 {× d5}) ({RR} 21... Nxc5 22. Ne2) ({RR} 21... Nxc5 22. Ne2 Qa8 23. Nf4) 22. Ne2 Qf8 23. h4 $2 (23. Qb7 $2 Rxc1+ 24. Nxc1 Qa3 $1 $13) (23. Nf4 Nb6 24. h4 $1 h5 (24... Rc4 25. h5 g5 26. Ne2 Qb4 27. Qf5 Rxc1+ 28. Nxc1 Kg7 29. Nb3 $16 {} Qa3 $2 30. Nbd4 Qxa2 31. Ne6+ $1 fxe6 32. Qg6+ $18) (24... Rxc1+ 25. Qxc1 h5 26. Qc6 Qd8 27. g3 d4 28. e4 $16) 25. Rxc8 Qxc8 26. Nxg6 $1 fxg6 27. Qxg6+ Bg7 28. Ng5 Qd7 29. Qxh5 d4 (29... Qf5 30. g4 Qf6 31. Qh7+ Kf8 32. Qc2 $16) 30. exd4 Nd5 (30... Bxd4 $2 31. Qg6+ Qg7 (31... Bg7 32. h5 $18) 32. Qe8+ $18) 31. Qh7+ Kf8 32. Qg6 $16) ({RR} 23. Nf4 Nb6 24. h4) ({RR} 23. Qb7 Rxc1+ 24. Nxc1 Qa3) ({RR} 23. Nf4 Nb6 24. h4 h5 25. Rxc8 Qxc8 26. Nxg6 fxg6 27. Qxg6+ Bg7 28. Ng5 Qd7 29. Qxh5 d4 30. exd4 Nd5 31. Qh7+ Kf8 32. Qg6) 23... Ne5 $1 24. Nxe5 Bxe5 25. Rd1 (25. h5 $5 Rxc1+ 26. Nxc1 Qb8 $5 (26... g5 27. Qf5 Qd6 28. Nd3 $14) 27. Qd3 Qb2 28. Nb3 Qc3 $10) ({RR} 25. h5 Rxc1+ 26. Nxc1 Qb8 27. Qd3 Qb2 28. Nb3 Qc3) 25... Qc5 26. h5 Qc2 $1 27. Qxc2 Rxc2 28. Rxd5 Rxe2 (28... Bc7 $6 29. Kf1 Rxa2 30. g3 Ra5 31. Rd7 $14) ({RR} 28... Bc7 29. Kf1 Rxa2 30. g3 Ra5 31. Rd7) 29. Rxe5 Rxa2 30. hxg6 fxg6 { 7/i} 31. Re7 a5 32. Ra7 a4 33. g3 (33. g4 g5 34. Kg2 a3 35. Kg3 Ra1 36. Kf3 Ra2 $10) 33... h5 34. Kg2 a3 35. e4 g5 $1 36. Kf3 (36. Ra5 $6 g4 37. Ra7 $1 $10 (37. Rxh5 $4 Rb2 38. Ra5 a2 39. Ra7 Kf8 40. e5 Ke8 41. e6 Rc2 $19)) 36... g4+ 37. Ke3 Ra1 38. Kf4 Rf1 39. Kg5 (39. Rxa3 Rxf2+ 40. Kg5 Rf3 $10) 39... Rxf2 40. Kxh5 Re2 (40... Re2 41. Kg6 Kf8 $10) 1/2-1/2

[Event "Moscow"]
[Site "Moscow"]
[Date "1981.04.??"]
[Round "3"]
[White "Karpov, Anatoly"]
[Black "Geller, Efim P"]
[Result "1-0"]
[WhiteElo "2690"]
[BlackElo "2615"]
[Annotator "Belov,Igor"]
[PlyCount "65"]
[EventDate "1981.04.08"]
[EventType "tourn"]
[EventRounds "13"]
[EventCountry "URS"]
[EventCategory "15"]
[SourceTitle "MCL"]
[Source "ChessBase"]
[SourceDate "1999.07.01"]
[SourceVersion "1"]
[SourceVersionDate "1999.07.01"]
[SourceQuality "1"]

1. d4 d5 2. c4 e6 3. Nc3 Be7 4. Nf3 Nf6 5. Bg5 h6 6. Bh4 O-O 7. e3 b6 8. Rc1 Bb7 9. Bd3 Nbd7 10. O-O c5 11. Qe2 Rc8 (11... dxc4 12. Bxc4 a6 13. a4 cxd4 14. exd4 Re8 15. Rfd1 Nh5 $1 16. Bg3 Nxg3 17. hxg3 Nf6 18. Ne5 Bb4 19. f4 $14) (11... Ne4 12. Bg3 $1 Nxg3 13. hxg3 cxd4 14. exd4 dxc4 15. Bxc4 Nf6 16. Rfd1 Bb4 17. Ne5 $14) 12. Bg3 $1 cxd4 13. exd4 dxc4 14. Bxc4 Bxf3 $6 (14... Nh5 $5 15. Rfd1 (15. Ba6 Nxg3 16. hxg3 Bxa6 17. Qxa6 Rc7 $10 {Najdorf,M-Hort,V/Lugano(ol)/1968/}) 15... Nxg3 16. hxg3 Nf6 17. Ne5 Bb4 $1 18. Ba6 Qe7 $10 {Gurevich,M-Beliavsky,A/Reggio Emilia/1989/0,5 (22)/}) 15. gxf3 Nh5 $8 16. Ba6 Nxg3 17. hxg3 Rc7 (17... Rc6 18. Rfd1 Nf6 19. Kg2 $1 $14 (19. Nb5 Qd7 20. a3 Nd5 21. Rc4 Bg5 22. Nc3 {Torre,E-Gurevich,M/Leningrad/1987/0,5 (22)/}) 19... Qb8 $140 $2 20. Nd5 $1 $16) (17... Ra8 18. Rfd1 Nf6 19. d5 exd5 20. Bb7 Rb8 21. Bxd5 $5 $14 (21. Nxd5 $14)) 18. Rfd1 $146 ({RR} 18. d5 Nc5 19. Bc4 exd5 20. Nxd5 Rd7 21. b4 Ne6 22. Rfd1 b5 23. Bb3 a6 24. f4 Bd6 25. Qg4 Kh8 26. f5 Qg5 27. Ne3 Qxg4 28. Nxg4 Nd8 29. Kg2 Rc7 30. Rxc7 Bxc7 31. Rd7 Bb8 32. Bd5 h5 {Sundararajan,K (2427)-Johannsson,O (2206) Reykjavik 2018 ½-½ (79)}) 18... Nf6 19. Nb5 $14 Rxc1 20. Rxc1 Nd5 (20... Qb8 21. Rc7 Nd5 22. Rxa7 $16) 21. Nxa7 Nb4 22. a3 $1 Qa8 $5 (22... Nxa6 23. Nc6 $1 Qd7 24. Qxa6 $16) 23. Rc7 $1 $8 (23. Nc8 $2 Bg5 $1 $19) 23... Nd5 24. Rb7 $1 (24. Rd7 Rd8 $1 25. Rxd8+ Bxd8 26. Qb5 Bf6 $13) 24... Bf6 25. Nc6 $16 Rc8 26. Ne5 Bxe5 27. dxe5 Rc1+ (27... b5 28. Qxb5 Rc1+ (28... Nc7 29. Qd7 $18) 29. Kg2 Nc7 30. Rb8+ $18) 28. Kg2 $1 (28. Kh2 $6 Qd8 29. Bd3 Nf4 $1 $17) 28... Qd8 29. Bd3 Ra1 (29... g6 30. Qd2 Ra1 31. Qxh6 $18) (29... Rc7 30. Rxc7 Qxc7 $16) 30. Qe4 g6 31. Rxf7 $1 $18 Kxf7 32. Qxg6+ Kf8 33. Qxh6+ (33. Qxh6+ Ke8 (33... Kg8 34. Qh7+ Kf8 35. Qh8+ Ke7 36. Qg7+ Ke8 37. Bg6#) 34. Bb5+ $18) 1-0

[Event "OHRA Crown Group"]
[Site "Amsterdam"]
[Date "1985.07.24"]
[Round "9"]
[White "Miles, Anthony John"]
[Black "Karpov, Anatoly"]
[Result "1/2-1/2"]
[WhiteElo "2560"]
[BlackElo "2720"]
[PlyCount "29"]
[EventDate "1985.07.15"]
[EventType "tourn"]
[EventRounds "10"]
[EventCountry "NED"]
[EventCategory "14"]
[SourceTitle "MCL"]
[Source "ChessBase"]
[SourceDate "1999.07.01"]
[SourceVersion "1"]
[SourceVersionDate "1999.07.01"]
[SourceQuality "1"]

1. d4 Nf6 2. c4 e6 3. Nf3 d5 4. Nc3 Be7 5. Bg5 h6 6. Bh4 O-O 7. e3 b6 8. Be2 Bb7 9. Bxf6 Bxf6 10. cxd5 exd5 11. b4 c5 12. bxc5 bxc5 13. Rb1 Bc6 14. O-O Nd7 15. Bb5 1/2-1/2

[Event "IBM-21 Herinnerungs Toernooi"]
[Site "Amsterdam"]
[Date "1981.05.??"]
[Round "?"]
[White "Hort, Vlastimil"]
[Black "Karpov, Anatoly"]
[Result "1-0"]
[WhiteElo "2575"]
[BlackElo "2690"]
[PlyCount "51"]
[EventDate "1981.05.24"]
[EventType "tourn"]
[EventRounds "11"]
[EventCountry "NED"]
[EventCategory "13"]
[SourceTitle "MCL"]
[Source "ChessBase"]
[SourceDate "1999.07.01"]
[SourceVersion "1"]
[SourceVersionDate "1999.07.01"]
[SourceQuality "1"]

1. d4 Nf6 2. Nf3 e6 3. c4 d5 4. Nc3 Be7 5. Bg5 h6 6. Bh4 O-O 7. e3 b6 8. Rc1 Bb7 9. cxd5 exd5 10. Be2 Nbd7 11. O-O c5 12. Qc2 a6 ({RR} 12... Ne4 13. Bxe7 Qxe7 14. dxc5 Nxc3 15. Qxc3 bxc5 16. Rfd1 Rab8 17. Qa3 Ba8 18. Rc2 Qf6 19. Ne1 Qb6 20. h3 Rfd8 21. Bg4 d4 22. Bxd7 Rxd7 23. Qxc5 Qg6 24. Rcd2 d3 25. Rxd3 Rxd3 26. Rxd3 Bxg2 27. Rd6 {Ivanchuk,V (2710)-Azmaiparashvili,Z (2625) Moscow 1994 ½-½ (54)}) ({RR} 12... Rc8 13. Rfd1 Ne4 14. Bxe7 Qxe7 15. dxc5 Nxc3 16. Qxc3 bxc5 17. Qa3 a6 18. Ne1 Ne5 19. Nd3 Nxd3 20. Bxd3 Rc7 21. Bf1 Rd8 22. Qa5 Qd6 23. b4 Rdc8 24. bxc5 Rxc5 25. Rxc5 Qxc5 26. Qxc5 Rxc5 27. Rb1 {Nesterov,A (2498)-Smirnov,T (2407) Moscow 2020 ½-½ (92)}) 13. Rfd1 c4 $146 ({RR} 13... Re8 14. Qf5 c4 15. Ne5 Nf8 16. Bf3 b5 17. a3 N8h7 18. h3 Qb6 19. g4 Bc8 20. Qc2 Be6 21. Ne2 Ng5 22. Bg2 Nfe4 23. f4 Nxh3+ 24. Bxh3 Bxh4 25. f5 Bf2+ 26. Kg2 Bc8 27. Kf3 Rxe5 28. dxe5 {Bukacek,L (2035)-Bilek,R (2038) Zdar nad Sazavou 2007 0-1 (34)}) 14. a4 Bc6 15. Ne5 Qc7 16. Nxc6 Qxc6 17. Bf3 Bb4 18. Nxd5 Nxd5 19. Qf5 Qxa4 20. Bxd5 Rac8 21. b3 cxb3 22. Rxc8 Rxc8 23. Qxf7+ Kh8 24. Bxb3 Qb5 25. Be6 Rf8 26. Bxd7 1-0

[Event "World-ch29 Karpov-Kortschnoj +6-2=10"]
[Site "Merano"]
[Date "1981.10.05"]
[Round "3"]
[White "Kortschnoj, Viktor Lvovich"]
[Black "Karpov, Anatoly"]
[Result "1/2-1/2"]
[WhiteElo "2650"]
[BlackElo "2690"]
[Annotator "Kavalek,Lubomir"]
[PlyCount "81"]
[EventDate "1981.10.01"]
[EventType "match"]
[EventRounds "18"]
[EventCountry "ITA"]
[SourceTitle "MainBase"]
[Source "ChessBase"]
[SourceDate "1999.07.01"]
[SourceVersion "2"]
[SourceVersionDate "1999.07.01"]
[SourceQuality "1"]

1. c4 e6 2. Nc3 d5 3. d4 Be7 4. Nf3 Nf6 5. Bg5 {Die klassische Behandlung des Damengambits.} h6 {Viele Spieler rochieren hier lieber sofort und spielen erst nach dem 6.e3 den Zug 6...h6.} (5... O-O 6. Qc2 {Weiß kann in dem Fall aber durch 6.Dc2 dem Spiel eine scharfe Wendung geben.} h6 7. h4 hxg5 8. hxg5 Ne4 9. Nxe4 dxe4 10. Qxe4 {Weiß hat gewinnbringenden Angriff.}) 6. Bh4 O-O 7. e3 b6 8. Rc1 Bb7 9. Be2 dxc4 10. Bxc4 Nbd7 11. O-O c5 12. Qe2 a6 {Dieser bereits von Aljechin empfohlene Zug verfolgt zwei Ziele: Einerseits Raumgewinn durch 13...b5, andererseits verhindert er den für Weiß günstigen Läuferabtausch.} 13. a4 Ne4 14. Nxe4 (14. Bg3 Nxg3 15. hxg3 cxd4 16. exd4 Nf6 17. Rfd1 Bb4 {Schwarz hat gute Chancen auf Ausgleich.}) 14... Bxe4 15. Bg3 (15. Bxe7 Qxe7 16. Bxa6 Bxf3 17. gxf3 cxd4 18. exd4 Nf6 {Weiß muß sich in acht nehmen vor einem direkten Angriff durch 19...Sf6-d5 mit der Drohung 20...Sd5-f4 und 21...De7-g5+.}) 15... Qc8 16. dxc5 (16. Ne5 Nxe5 (16... Rd8 17. Nxf7 $6 Kxf7 18. Qh5+ g6 19. Qxh6 Nf6 20. Be5 $6 Rh8 21. Qf4 g5 $1) 17. Bxe5 {Mit Angriffsmöglichkeiten am Königsflügel (18.Dg4).}) 16... bxc5 17. Nd2 Bc6 18. b3 Rd8 {Schwarz inszeniert sein Gegenspiel in der d-Linie, und das vermag seine ver- streuten Bauern auf dem Damenflügel zu kompensieren.} 19. Bd3 $146 {Der durch 20.Le4 drohende Abtausch der Läufer kann leicht vermieden werden.} ({RR} 19. f3 Nb6 20. Rfd1 Nxc4 21. Nxc4 Rxd1+ 22. Rxd1 Ra7 23. Nb6 Qb7 24. a5 Bb5 25. Qb2 Qc6 26. Qc2 Rb7 27. h3 f6 28. Kh2 e5 29. e4 Qe6 30. Bf2 Rc7 31. Rc1 Rc8 {1-0 (31) Hagenstein,F-Kottusch,D Schwabstedt 1994}) 19... Qb7 20. f3 Nf6 {Jetzt wird die Pointe von 18...Tfd8 sichtbar. Der sS strebt über d5 nach b4. Dagegen kann Weiß nichts machen, denn 21.e4 scheitert an 21...Dd7.} 21. Rfd1 Nd5 22. e4 Nb4 23. Bb1 Be8 {Mit der Idee Sb4-c6-d4.} 24. e5 (24. Bf2 Rac8 (24... Nc6 25. Bxc5 Bxc5+ 26. Rxc5 Qb6 27. Qf2 Nd4 {Mit Ausgleich.})) 24... Nc6 25. Bf2 Nd4 26. Bxd4 Rxd4 27. Be4 Bc6 28. Bxc6 Qxc6 29. Nc4 Rad8 30. Rxd4 cxd4 31. Qd3 {Weiß blockiert die Stellung, und sein schwacher b-Bauer kann leicht durch den Turm verteidigt werden.} Bb4 32. g3 Rb8 33. Kg2 (33. Qxd4 Bc5 {Nur so hätte Karpov seine Führung auf 3:0 ausbauen können.}) 33... Bc3 34. Rb1 Qd5 35. h4 h5 36. Kf2 Bb4 37. Kg2 Be7 38. Rd1 Qb7 39. Rb1 Qd5 40. Rb2 Bb4 41. Rb1 {Remis.} 1/2-1/2

[Event "World-ch33-KK4 Kasparov-Karpov +4-4=16"]
[Site "Seville"]
[Date "1987.12.02"]
[Round "19"]
[White "Karpov, Anatoly"]
[Black "Kasparov, Garry"]
[Result "1/2-1/2"]
[WhiteElo "2700"]
[BlackElo "2740"]
[Annotator "Bulletin"]
[PlyCount "120"]
[EventDate "1987.10.12"]
[EventType "match"]
[EventRounds "24"]
[EventCountry "ESP"]
[SourceTitle "MainBase"]
[Source "ChessBase"]
[SourceDate "1999.07.01"]
[SourceVersion "2"]
[SourceVersionDate "1999.07.01"]
[SourceQuality "1"]

1. Nf3 d5 2. d4 Nf6 3. c4 e6 4. Nc3 Be7 5. Bg5 O-O 6. e3 h6 7. Bh4 b6 8. Be2 Bb7 9. Bxf6 Bxf6 10. cxd5 exd5 11. O-O Nd7 12. b4 c5 13. bxc5 bxc5 14. Qb3 {N; 14.b1} cxd4 15. Nxd4 Bxd4 $1 (15... Nc5) 16. exd4 Nb6 17. a4 Rb8 18. a5 Nc4 19. Bxc4 dxc4 20. Qxc4 Qd6 $146 ({RR} 20... Qf6 21. Rfc1 Rfd8 22. d5 Rbc8 23. Qb3 Ba8 24. h3 Qe5 25. Qb4 {½-½ (25) Farago,I (2495)-Geller,E (2540) Baden-Baden 1985}) ({RR} 20... Qg5 21. d5 Rbc8 22. Qd4 Ba6 23. f4 Qf5 24. Rf3 Qc2 25. Rg3 f6 26. Qxa7 Rf7 27. Qxa6 Rxc3 28. Qe6 Rc4 29. Rf1 Re4 30. Rc3 Qxc3 31. Qxe4 Qxa5 32. Qe6 Qa7+ 33. Kh1 Kh7 34. d6 f5 35. Rd1 {Koch,W (2325)-Lutz,A (2195) Vienna 1996 1-0 (36)}) 21. Qc5 $8 (21. Rfd1 $2 Rfc8 $1 22. Qd3 Qc6) (21. a6 Bxg2 $1 22. Kxg2 Qg6+ 23. Kh1 Rfc8) (21. Rfc1 Rfd8 22. Rab1 Rbc8 23. Qb4 Qxd4 $1 24. Qxd4 Rxd4 25. Rxb7 Rxc3 $10) 21... Qxc5 22. dxc5 $14 Rbc8 23. a6 $1 (23. Na4 Bc6 24. Rfc1 Rfd8 $10) 23... Ba8 24. Nb5 Rxc5 25. Nxa7 Be4 (25... Rb8 26. Rfc1 $1 (26. Rfb1 Rxb1+ 27. Rxb1 Ra5 28. h4 Rxa6 $1 29. Rb8+ Kh7 30. Rxa8 $10) 26... Rxc1+ 27. Rxc1 Rb6 28. Ra1 $14) 26. f3 Ra8 27. fxe4 Rxa7 { 9/q} 28. Ra4 Rc6 $10 29. Rfa1 Kf8 30. Kf2 Ke7 31. Ke3 Ke6 32. Ra5 Rd6 33. R1a2 Rc6 34. h4 (34. Kd4 Rd7+ 35. Rd5 Ra7 $10) 34... Rd6 35. Kf4 Rb6 36. R2a3 Rc6 37. Re5+ Kf6 38. Rf5+ Ke6 39. Rfa5 Rb6 40. Re5+ Kf6 41. Rea5 Ke6 42. Ra1 Rc6 43. Re5+ Kf6 44. Rf5+ Ke6 45. Re5+ Kf6 46. Rea5 Ke6 47. R1a2 Rb6 48. g4 f6 $1 (48... Kf6 49. h5 Rc6 50. Rf5+ Ke6 51. Re5+ Kf6 52. Re8 g5+ $10 (52... Rc4 $2 53. g5+ $1 (53. Rc2 $2 g5+ $19) 53... hxg5+ 54. Kg4 g6 55. h6 $18)) 49. h5 Rc6 50. Rb2 Rcxa6 51. Rb6+ Rxb6 52. Rxa7 Rb1 53. Rxg7 Rf1+ 54. Ke3 Re1+ 55. Kf3 Rf1+ 56. Ke2 Rf4 57. Ke3 Ke5 $1 $8 58. Re7+ Kd6 59. Re6+ (59. Rh7 Rxg4 60. Rxh6 Ke5 $10) 59... Kxe6 60. Kxf4 Ke7 (60... Ke7 61. e5 Ke6 62. exf6 Kxf6 $10) (60... Ke7 61. Kf5 Kf7 62. e5 fxe5 63. Kxe5 Ke7 $10 {-  4/a5 (944.)}) 1/2-1/2

[Event "World-ch29 Karpov-Kortschnoj +6-2=10"]
[Site "Merano"]
[Date "1981.10.01"]
[Round "1"]
[White "Kortschnoj, Viktor Lvovich"]
[Black "Karpov, Anatoly"]
[Result "0-1"]
[WhiteElo "2650"]
[BlackElo "2690"]
[Annotator "Botvinnik,Mikhail"]
[PlyCount "86"]
[EventDate "1981.10.01"]
[EventType "match"]
[EventRounds "18"]
[EventCountry "ITA"]
[SourceTitle "MainBase"]
[Source "ChessBase"]
[SourceDate "1999.07.01"]
[SourceVersion "2"]
[SourceVersionDate "1999.07.01"]
[SourceQuality "1"]

1. c4 e6 {Kortschnoj wollte wohl den Partner von den Stellungen, die mit dem Zug d7-d5 verbunden sind abbringen, aber Karpov strebt eine bewährte Eröffnung an.} 2. Nc3 d5 3. d4 {Mit Zugumstellung ein Damengambit.} Be7 {In der Partie Botvinnik-Petrosian, Moskau 1963, folgte 4.cd: ed: 5.Lf4 c6 im weiteren Verlauf konnte Schwarz das Problem der Entwicklung des Damenläufers mittels Lc8-f5 erfolgreich lösen.} ({RR} 3... Nf6 4. Bg5 Be7 5. e3 h6 6. Bh4 O-O {½-½ (15) Kutzner,S (2096)-Zupcevic,D (2013) Koblenz 2006}) 4. Nf3 Nf6 5. Bg5 h6 6. Bh4 O-O 7. e3 b6 {Ein schon von Capablanca und Tartakower in die Turnierpraxis eingeführter Zug. Später wurde dieses System "Bondarewski Makogonow System" genannt.} 8. Rc1 Bb7 9. Be2 {In Baguio 1978 spielte Kortschnoj 9.Ld3; er wählte auch die Läuferentwicklung auf g2. Dieser Zug veranlasste Karpov 35 Min. nachzudenken.} Nbd7 10. cxd5 exd5 11. O-O c5 12. dxc5 {Ein schwerwiegender Entschluß. Es gelingt Weiß nicht, aus den hängenden Bauern d5 und c5 Nutzen zu ziehen.} (12. Ne5 Nxe5 13. dxe5 Ne4 {Auch so hat Weiß nichts erreicht.}) 12... bxc5 13. Qc2 Rc8 14. Rfd1 Qb6 15. Qb1 {Besser war 15.Lg3.} (15. Bg3 d4 16. exd4 Bxf3 17. dxc5 $1) 15... Rfd8 16. Rc2 $146 Qe6 17. Bg3 {Weiß muß sich mit dem Abtausch seines Damenläufers abfinden.} (17. Rcd2 Ne4 $1 18. Nxe4 dxe4 19. Bxe7 exf3 20. Bxd8 fxe2 21. Rxe2 Rxd8 22. Red2 Qg4 {Mit klarem Vorteil für Schwarz.}) 17... Nh5 18. Rcd2 Nxg3 19. hxg3 Nf6 20. Qc2 g6 21. Qa4 a6 22. Bd3 {Es ist schwer für Weiß, Aktivität zu entwickeln. Kortchnoi trachtet danach, den Läufer nach a2 zu bringen, um den Druck auf den Bauern d5 zu verstärken.} Kg7 23. Bb1 Qb6 24. a3 {Weiß bemerkt die Gefahr nicht. Jetzt ist die Partie bereits entschieden. Nach 24.Se2 hätte man die Ereignisse noch abwarten können.} d4 $1 {Dieser Zug entscheidet endgültig, er wäre nicht möglich gewesen, wenn sich   Weiß im 12.Zug den Mittelbauern d4 erhalten hätte.} 25. Ne2 {Der geschwächte weiße Königsflügel wird eine bequeme Zielscheibe.} (25. exd4 Bc6 $1 26. Qc2 (26. Qc4 Bxf3 27. gxf3 (27. dxc5 Bxd1 28. cxb6 Rxc4 29. Rxd8 Bxd8 30. Nxd1 Rc1) 27... cxd4) 26... Bxf3 27. gxf3 cxd4) 25... dxe3 26. fxe3 c4 27. Ned4 Qc7 28. Nh4 {Deckt indirekt den Bauern g3(28...Dc7xg3 29.Shf5+ oder Sdf5+).} Qe5 29. Kh1 Kg8 {Einer der weißen Bauern ist todgeweiht; die Partie ist für Weiß hoffnungslos.} 30. Ndf3 Qxg3 31. Rxd8+ Bxd8 32. Qb4 Be4 33. Bxe4 Nxe4 34. Rd4 Nf2+ 35. Kg1 Nd3 36. Qb7 Rb8 37. Qd7 Bc7 {Mit der dreizügigen Mattdrohung 38...Df2+ 39.Kh1 Df1+ 40.Sg1 Sf2#.} 38. Kh1 Rxb2 {Wieder droht Matt.} 39. Rxd3 {Der Kampf wird wohl nur fortgesetzt, weil beide Partner in Zeitnot sind.} cxd3 40. Qxd3 Qd6 41. Qe4 Qd1+ 42. Ng1 Qd6 43. Nhf3 Rb5 {Weiß gibt auf. Nach der Eröffnung spielte Kortschnoj passiv und unsicher, Karpov hingegen nutzte fast alle Möglichkeiten aus.} 0-1

[Event "World-ch30-KK1 Karpov-Kasparov +5-3=40"]
[Site "Moscow"]
[Date "1985.01.04"]
[Round "38"]
[White "Kasparov, Garry"]
[Black "Karpov, Anatoly"]
[Result "1/2-1/2"]
[WhiteElo "2715"]
[BlackElo "2705"]
[PlyCount "50"]
[EventDate "1984.09.10"]
[EventType "match"]
[EventRounds "48"]
[EventCountry "URS"]
[SourceTitle "MainBase"]
[Source "ChessBase"]
[SourceDate "1999.07.01"]
[SourceVersion "2"]
[SourceVersionDate "1999.07.01"]
[SourceQuality "1"]

1. d4 Nf6 2. c4 e6 3. Nf3 d5 4. Nc3 Be7 5. Bg5 h6 6. Bh4 O-O 7. e3 b6 8. Be2 Bb7 9. Bxf6 Bxf6 10. cxd5 exd5 11. b4 c5 12. bxc5 bxc5 13. Rb1 Bc6 14. O-O Nd7 15. Bb5 Qc7 16. Qc2 Rfd8 17. Rfc1 Rab8 18. a4 Qb6 19. dxc5 Nxc5 20. Bxc6 Qxc6 21. Nb5 Be7 22. Qf5 $146 ({RR} 22. Nxa7 Qa6 23. Nb5 Qxa4 24. Qxa4 Nxa4 25. Nfd4 Rd7 26. Nc6 Rb6 27. Nbd4 Bf6 28. Rxb6 Nxb6 29. Rb1 Na4 30. g3 Nc5 31. Kg2 g6 32. Nf3 Rd6 33. Ncd4 Ne6 34. Rb8+ Kg7 35. Nb3 Rd7 36. Rb5 Bc3 {Karpov,A (2705)-Kasparov,G (2715) Moscow 1985 ½-½ (48)}) 22... Qe8 23. Ne5 Rb7 24. Nd4 Rc7 25. Nb5 Rb7 1/2-1/2